000 00342cam a22001097a 4500
008 180718b1972 xxu||||| |||| 00| 0 eng d
082 _aK8503x54 In2b
245 _aThe Payments of gratuity bill, 1971
_cby Lok Sabha Secretariat, India
260 _aDelhi
_bLok Sabha Secretariat
_c1972
300 _a35+p.
700 _aIndia. Lok Sabha Secretariat
999 _c500183
_d500183